Puro futbol : (Record no. 663)

MARC details
000 -CABECERA
campo de control de longitud fija 01485nam a22002894c 4500
003 - IDENTIFICADOR DE NUMERO DE CONTROL
campo de control AR-BaSMT
008 - CAMPOS DE LONGITUD FIJA
campo de control de longitud fija 260506b2026 aga|||br|||| 001 1beng |
020 ## - ISBN: Indicadores indefinidos
Número ISBN 9789878015255
040 ## - FUENTE DE CATALOGACION
Agencia de catalogación original BSGB
Idioma de catalogación español
Agencia que realiza la transcripción BSGB
Convenciones de la descripción rda
041 ## - CODIGO DE IDIOMA
Código idioma spa
Idioma original español
080 ## - CDU
CDU completo 82-34
100 1# - PUNTO DE ACCESO PRINCIPAL
Nombre de persona Galeano, Eduardo
Enlace autoridades 464
245 ## - MENCION DE TITULO
Título Puro futbol :
Subtítulo historias del juego más lindo del mundo
250 ## - MENCION DE EDICION
Mención de edición Primera edición
264 ## - PRODUCCIÓN, PUBLICACIÓN, DISTRIBUCIÓN, ETC.
Lugar de publicación, etc. Buenos aires :
Nombre editor. Siglo XXI Editores ,
Fecha 202
300 ## - DESCRIPCION FISICA
Extensión 112 páginas ;
Otros detalles físicos ilustraciones color
336 ## - TIPO DE CONTENIDO
rdacontent rdacontent
texto texto
txt txt
337 ## - TIPO DE MEDIO
rdamedia rdamedia
sin mediación sin mediación
n n
338 ## - TIPO DE SOPORTE
rdacarrier rdacarrier
volumen volumen
nc nc
520 ## - NOTA DE SUMARIO, RESUMEN, ETC.
Toda la nota El fútbol nació hace más de cinco mil años y en cada país desarrolló sus propias reglas. Lo jugaron los chinos, los egipcios, los romanos y los británicos; los aztecas y otros habitantes de la América precolombina. Con el tiempo se fue perfeccionando: la pelota evolucionó, cambiaron las reglas y la cantidad de jugadores. Lo que nunca cambió es la pasión de multitudes por el juego más lindo del mundo.<br/><br/>GALEANO quiso ser futbolista. Pero como solo jugaba bien en el mundo de los sueños, prefirió dedicarse a contar el fanatismo d los hinchs, a genialidades de los grandes jugadores y las historias de los partidos que conmovieron al mundo.
521 ## - NOTA DE PÚBLICO DESTINATARIO
Nota de audiencia A partir de 9 años
650 #7 - PUNTO DE ACCESO ADICIONAL DE MATERIA – TÉRMINO TEMÁTICO
Enlace autoridades 8
Término de materia o nombre geográfico como elemento de entrada LITERATURA INFANTIL
650 #7 - PUNTO DE ACCESO ADICIONAL DE MATERIA – TÉRMINO TEMÁTICO
Enlace autoridades 23
Término de materia o nombre geográfico como elemento de entrada CUENTO
653 ## - PUNTO DE ACCESO ADICIONAL DE MATERIA – TÉRMINO NO CONTROLADO
Término de indización no controlado Fútbol
942 ## - ELEMENTOS AGREGADOS (KOHA)
CDU Clasificación Decimal Dewey
Tipo de ítem Libros
Holdings
Disponible Perdido Fuente de clasificación Estado Ubicación permanente Locación actual Estante o sala Fuente de adquisición Número de inventario Total préstamos Signatura topográfica Código de barras Numero de ejemplar Tipo de item de Koha Calificador de localización códificado
    Clasificación Decimal Dewey   Biblioteca Susana G. De Batemarco Biblioteca Susana G. De Batemarco Celeste Compra Feria del Libro 2026 000989   82-34 GAL 000989 1 Libros  

Powered by Koha